Orlando Magic Best Team By Decade - Statistics

General Stats
  • This quiz has been taken 120 times
    59 since last reset
  • The average score is 12 of 18
Answer Stats
Season Player % Correct
2008-09, 2009-10 Dwight Howard
100%
1994-95 Shaquille O'Neal
100%
2023-24 Paolo Banchero
96%
1994-95 Penny Hardaway
94%
2023-24 Franz Wagner
85%
2023-24 Wendell Carter Jr.
83%
2009-10 Vince Carter
81%
2009-10 Jameer Nelson
77%
1994-95 Horace Grant
75%
2023-24 Jalen Suggs
75%
1994-95 Nick Anderson
70%
2008-09 Hedo Türkoğlu
68%
2008-09, 2009-10 Rashard Lewis
62%
2023-24 Gary Harris
49%
2008-09 Courtney Lee
30%
2008-09 Rafer Alston
23%
2009-10 Matt Barnes
21%
1994-95 Donald Royal
9%
No matching quizzes found
Score Distribution
Percent of People with Each Score
Percentile by Number Answered
Your Score History
You have not taken this quiz since the last reset